Loading...
Literature - World Literature | 0 | 3 | 1 | 1 | 25 | 27 | 77.67 | 0 | 3 |
Fine Arts - Other Fine Arts | 0 | 2 | 0 | 0 | 20 | 49 | 80.50 | 1 | 2 |
Religion | 0 | 2 | 0 | 1 | 20 | 90 | 118.00 | 1 | 2 |
Literature - American Literature | 0 | 2 | 1 | 0 | 15 | 92 | 113.00 | 0 | 2 |
Fine Arts - Classical Music | 0 | 2 | 1 | 1 | 15 | 119 | 126.50 | 1 | 1 |
Literature - European Literature | 0 | 1 | 0 | 0 | 10 | 106 | 106.00 | 0 | 1 |
Fine Arts - Painting and Sculpture | 0 | 1 | 0 | 0 | 10 | 132 | 132.00 | 0 | 1 |
History - American History | 0 | 1 | 0 | 1 | 10 | 122 | 122.00 | 0 | 0 |
History - World History | 0 | 1 | 0 | 0 | 10 | 82 | 82.00 | 0 | 0 |
Mythology | 0 | 1 | 0 | 0 | 10 | 134 | 134.00 | 0 | 1 |
Pop Culture | 0 | 1 | 0 | 0 | 10 | 32 | 32.00 | 0 | 1 |
Science - Biology | 0 | 1 | 0 | 0 | 10 | 83 | 83.00 | 0 | 0 |
History - Other History | 0 | 1 | 1 | 1 | 5 | 127 | 127.00 | 0 | 0 |
History - European History | 0 | 1 | 1 | 0 | 5 | 77 | 77.00 | 0 | 1 |
Other Academic | 0 | 1 | 1 | 0 | 5 | 86 | 86.00 | 0 | 1 |
Science - Other Science | 0 | 0 | 1 | 0 | -5 | 0.00 | 0 | 0 | |
Philosophy | 0 | 0 | 2 | 0 | -10 | 0.00 | 0 | 0 |